000 00345cam a22001217a 4500
008 180718b1976 xxu||||| |||| 00| 0 eng d
082 _aY 1503 x54 In2 1976
245 _aThe urban land act, 1976
_cBy Govt. of India
260 _aNew Delhi
_bGovt. of India
_c1976
300 _a45p.
650 _aHousing -- India
650 _aUrbanization -- India
999 _c414899
_d414899